00728nam a2200217Ia 4500008004100000050002100041050001800062100003200080245004500112245005100157260001300208260002800221260000900249300001600258300002000274300001100294650003200305650003200337999001900369952012200388160404s9999 xx 000 0 und d aFIL HF 5686.P225 b.V53 2004 c.1 aVicente, Ma. Violeta Viray. aPartnership and corporation accounting / cMa. Violeta Viray Vicente, Violeta M. Calanog. aManila : bGIC Enterprises,. Inc., c2004 a195 pages : billustrations ; c22 cm. aPartnerships -- Accounting. xCorporations -- Accounting. c293239d293239 001040aSMCbSMCcFILd0000-00-00l0oFIL HF 5686.P225 .V53 2004 c.1pSMC00059r2016-04-04 00:00:00w2016-04-04yBK